[Event "Wch Seniors 65 31st"]
[Site "Terassini"]
[Date "2023.10.29"]
[Round "5"]
[White "Meulders, Richard"]
[Black "Chapman, Terry PD"]
[Result "0-1"]
[WhiteElo "2134"]
[BlackElo "2284"]
[PlyCount "90"]
[EventDate "2023.10.25"]
[EventType "swiss"]
[EventRounds "11"]
[EventCountry "ITA"]
[SourceTitle "Mega2024 Update 01"]
[Source "Chessbase"]
[SourceDate "2023.11.12"]
[SourceVersion "1"]
[SourceVersionDate "2023.11.12"]
[SourceQuality "1"]

1. Nf3 d5 2. b3 c5 3. e3 Nf6 4. Bb2 e6 5. g3 Be7 6. Bg2 0-0 7. 0-0 b6 8. d4 Bb7 9. Nbd2 cxd4 10. exd4 Nc6 11. a3 Rc8 12. Re1 Qc7 13. c4 dxc4 14. bxc4 Na5 15. Rc1 Rfe8 16. Ne5 Bxg2 17. Kxg2 Qb7+ 18. Qf3 Qxf3+ 19. Kxf3 Rc7 20. Bc3 Nc6 21. Nxc6 Rxc6 22. Bb4 Bf8 23. Bxf8 Kxf8 24. h3 Rec8 25. Rb1 Ne8 26. Rec1 Nd6 27. Rb4 Ke7 28. Ra4 a5 29. c5 bxc5 30. Rxa5 cxd4 31. Ra7+ Kf6 32. Rxc6 Rxc6 33. Ne4+ Nxe4 34. Kxe4 Rd6 35. Kd3 e5 36. f3 Ke6 37. Kd2 g6 38. a4 f5 39. a5 e4 40. fxe4 fxe4 41. Rb7 Kd5 42. Rb5+ Kc4 43. Rb6 Rd5 44. a6 Ra5 45. Rc6+ Kd5 0-1

[Event "Wch Seniors 65 31st"]
[Site "Terassini"]
[Date "2023.10.27"]
[Round "3"]
[White "Chan, Peng Kong"]
[Black "Chapman, Terry PD"]
[Result "1/2-1/2"]
[WhiteElo "2127"]
[BlackElo "2284"]
[PlyCount "63"]
[EventDate "2023.10.25"]
[EventType "swiss"]
[EventRounds "11"]
[EventCountry "ITA"]
[SourceTitle "Mega2024 Update 01"]
[Source "Chessbase"]
[SourceDate "2023.11.12"]
[SourceVersion "1"]
[SourceVersionDate "2023.11.12"]
[SourceQuality "1"]

1. d4 d5 2. c4 e6 3. Nf3 c6 4. e3 Bd6 5. b3 f5 6. Bd3 Nf6 7. 0-0 Qe7 8. Bb2 0-0 9. Qc1 b6 10. Ba3 Ne4 11. Bxd6 Qxd6 12. Qa3 c5 13. Rc1 Nd7 14. Nc3 Bb7 15. cxd5 exd5 16. Ba6 Bc6 17. Bb5 Nxc3 18. Bxc6 Ne2+ 19. Kf1 Qxc6 20. Rc2 Nxd4 21. exd4 Rfe8 22. Kg1 a5 23. Rd1 g6 24. Qc1 Rad8 25. h4 Qf6 26. Qf4 cxd4 27. Rcd2 Ne5 28. Nxd4 Rd7 29. Re2 Rde7 30. Red2 Rd7 31. Re2 Rde7 32. Red2 1/2-1/2

[Event "WchT Seniors 65"]
[Site "Struga"]
[Date "2023.09.27"]
[Round "8.2"]
[White "Chapman, Terry PD"]
[Black "Binham, Timothy F"]
[Result "1/2-1/2"]
[WhiteElo "2254"]
[BlackElo "2280"]
[PlyCount "78"]
[EventDate "2023.09.19"]
[EventType "team-swiss"]
[EventRounds "9"]
[EventCountry "MKD"]
[SourceTitle "EXT 2024"]
[Source "ChessBase"]
[SourceDate "2023.10.10"]
[SourceVersion "1"]
[SourceVersionDate "2023.10.10"]
[SourceQuality "1"]
[WhiteTeam "England 65"]
[BlackTeam "Finland 65"]
[WhiteTeamCountry "ENG"]
[BlackTeamCountry "FIN"]

1. Nf3 d5 2. d4 c5 3. c4 dxc4 4. e3 cxd4 5. Qxd4 Qxd4 6. Nxd4 a6 7. Bxc4 Nf6 8. 0-0 e5 9. Nb3 Be7 10. Nc3 0-0 11. Rd1 Nbd7 12. Be2 Nb6 13. Bf3 Rb8 14. Nd2 Bf5 15. e4 Be6 16. Nf1 Bb4 17. Ne2 Rfd8 18. Rxd8+ Rxd8 19. b3 Bc5 20. Bb2 Ng4 21. Bxg4 Bxg4 22. Neg3 f6 23. Rc1 Bf8 24. Nf5 g6 25. N5e3 Bd7 26. Rd1 Rc8 27. Rc1 Bc6 28. f3 Rd8 29. Rd1 Rxd1 30. Nxd1 Bc5+ 31. Nfe3 Kf7 32. Kf1 Ke6 33. g4 Nd7 34. Ke2 b5 35. Bc1 Nb6 36. Bd2 b4 37. Nc2 a5 38. Be3 Bb5+ 39. Kd2 Kd6 1/2-1/2

[Event "EU-ch Seniors 65 22nd"]
[Site "Acqui Terme"]
[Date "2023.05.31"]
[Round "6"]
[White "Brongers, Henk"]
[Black "Chapman, Terry PD"]
[Result "0-1"]
[WhiteElo "2036"]
[BlackElo "2204"]
[PlyCount "74"]
[EventDate "2023.05.26"]
[EventType "swiss"]
[EventRounds "9"]
[EventCountry "ITA"]
[SourceTitle "CBM 214 Extra"]
[Source "ChessBase"]
[SourceDate "2023.07.31"]
[SourceVersion "1"]
[SourceVersionDate "2023.07.31"]
[SourceQuality "1"]

1. e4 d6 2. d4 Nf6 3. Nc3 c6 4. f4 Qa5 5. Bd3 e5 6. Nf3 Nbd7 7. 0-0 Be7 8. Kh1 0-0 9. dxe5 dxe5 10. f5 b5 11. Qe2 Qc7 12. g4 Rd8 13. g5 Ne8 14. Rg1 Nc5 15. g6 fxg6 16. fxg6 h6 17. Nd1 Nxd3 18. cxd3 Be6 19. b3 Nf6 20. Bb2 Nd7 21. Ne3 Bc5 22. Rac1 Qd6 23. Rg3 Bxe3 24. Qxe3 c5 25. Rgg1 a5 26. h4 b4 27. Ra1 a4 28. bxa4 Rxa4 29. a3 b3 30. Rad1 Rf8 31. Qf2 c4 32. dxc4 Qc6 33. Qe2 Rxc4 34. Rc1 Qxe4 35. Qxe4 Rxe4 36. Rg3 Re2 37. Rb1 Bd5 0-1

[Event "EU-ch Seniors 65 22nd"]
[Site "Acqui Terme"]
[Date "2023.05.30"]
[Round "5"]
[White "Chapman, Terry PD"]
[Black "Raynes, Paul"]
[Result "1-0"]
[WhiteElo "2204"]
[BlackElo "2077"]
[PlyCount "141"]
[EventDate "2023.05.26"]
[EventType "swiss"]
[EventRounds "9"]
[EventCountry "ITA"]
[SourceTitle "CBM 214 Extra"]
[Source "ChessBase"]
[SourceDate "2023.07.31"]
[SourceVersion "1"]
[SourceVersionDate "2023.07.31"]
[SourceQuality "1"]

1. d4 e6 2. Nf3 f5 3. g3 Nf6 4. Bg2 Be7 5. c4 d6 6. Nc3 0-0 7. 0-0 a5 8. b3 Na6 9. Bb2 Qe8 10. Re1 Qg6 11. Qb1 Ne4 12. Nxe4 fxe4 13. Nd2 d5 14. f3 Bb4 15. Rd1 Bxd2 16. Rxd2 Qh6 17. Qc1 Bd7 18. Rd1 Qh5 19. Qe3 Nb4 20. Rd2 Rf6 21. f4 Rh6 22. h4 Rg6 23. Kh2 Rf8 24. Bh3 Bc6 25. a3 Na6 26. Bc3 a4 27. bxa4 dxc4 28. a5 Rf7 29. Qf2 Qd5 30. e3 h5 31. Qe2 b5 32. axb6 cxb6 33. f5 Rxf5 34. Bxf5 exf5 35. Qf2 Rg4 36. Rb1 b5 37. Bb4 Nc7 38. Rf1 Bd7 39. Be7 g6 40. Bd8 Ne6 41. Bf6 Bc6 42. Qe1 Nf8 43. Be5 Nd7 44. Bf4 Nb6 45. Rc2 Na4 46. Qb4 Kf7 47. Rd1 Bd7 48. Rdd2 Bc6 49. Qa5 Qd7 50. Qb4 Bd5 51. Rc1 Qc6 52. Bh6 Qd7 53. Qf8+ Ke6 54. Bf4 Qe7 55. Qb8 Qd7 56. Rdc2 Kf7 57. Rb1 Bc6 58. Kh3 Qd5 59. Qc7+ Qd7 60. Qb8 Qe8 61. Qc7+ Qd7 62. Qe5 Qe6 63. Qh8 Qe8 64. Qh7+ Ke6 65. Qg7 Kd5 66. Rb4 Qe6 67. Qa7 Qd7 68. Qa6 Ke6 69. Rxa4 bxa4 70. Qxc4+ Bd5 71. Qa6+ 1-0

[Event "Wch Seniors 65 30th"]
[Site "Assisi"]
[Date "2022.11.23"]
[Round "8"]
[White "Chapman, Terry PD"]
[Black "Lanc, Alois"]
[Result "1/2-1/2"]
[WhiteElo "2216"]
[BlackElo "2268"]
[PlyCount "80"]
[EventDate "2022.11.15"]
[EventType "swiss"]
[EventRounds "11"]
[EventCountry "ITA"]
[SourceTitle "CBM 211 Extra"]
[Source "ChessBase"]
[SourceDate "2023.01.31"]
[SourceVersion "1"]
[SourceVersionDate "2023.01.31"]
[SourceQuality "1"]

1. d4 g6 2. Nf3 Bg7 3. c4 d6 4. g3 e5 5. dxe5 dxe5 6. Qxd8+ Kxd8 7. Bg2 h6 8. Nc3 Nc6 9. 0-0 Be6 10. Rd1+ Kc8 11. Nd2 Nge7 12. b3 e4 13. Bb2 f5 14. Na4 Bxb2 15. Nxb2 Rd8 16. Nf1 Ne5 17. f3 exf3 18. exf3 N7c6 19. f4 Ng4 20. Bxc6 bxc6 21. Nd3 a5 22. Nc5 Bg8 23. Re1 a4 24. Rad1 Rxd1 25. Rxd1 axb3 26. axb3 Ra5 27. Rd8+ Kxd8 28. Nb7+ Kd7 29. Nxa5 g5 30. h3 Nf6 31. fxg5 hxg5 32. Nd2 Kd6 33. b4 Nd7 34. Kf2 c5 35. b5 Ke5 36. Nc6+ Kd6 37. Ke3 Nb6 38. Na5 Ke5 39. Nc6+ Kd6 40. Na5 Ke5 1/2-1/2

[Event "Wch Seniors 65 30th"]
[Site "Assisi"]
[Date "2022.11.18"]
[Round "4"]
[White "Chapman, Terry PD"]
[Black "Smolin, Sergey"]
[Result "1-0"]
[WhiteElo "2216"]
[BlackElo "2106"]
[PlyCount "129"]
[EventDate "2022.11.15"]
[EventType "swiss"]
[EventRounds "11"]
[EventCountry "ITA"]
[SourceTitle "CBM 211 Extra"]
[Source "ChessBase"]
[SourceDate "2023.01.31"]
[SourceVersion "1"]
[SourceVersionDate "2023.01.31"]
[SourceQuality "1"]

1. d4 g6 2. c4 Bg7 3. Nc3 d6 4. e4 e5 5. Nge2 exd4 6. Nxd4 Ne7 7. Be3 Nbc6 8. h4 0-0 9. Qd2 f5 10. Nxc6 bxc6 11. h5 fxe4 12. hxg6 Nxg6 13. Nxe4 Ne5 14. Be2 Qe8 15. Ng3 Rb8 16. Rb1 Qg6 17. Qd1 c5 18. Nh5 Bh8 19. Nf4 Rxf4 20. Bxf4 Qxg2 21. Rh5 Qe4 22. Qd5+ Qxd5 23. cxd5 Ng6 24. Bd2 Rxb2 25. Rxb2 Bxb2 26. Ba5 Be5 27. Bxc7 Kg7 28. Bc4 Bg4 29. Rg5 Bf3 30. Bb3 Bc3+ 31. Kf1 Be5 32. Ke1 Bc3+ 33. Kf1 Be5 34. Rg3 Bxg3 35. fxg3 c4 36. Bxc4 Ne5 37. Bb3 Nf7 38. Kf2 Bh1 39. Ke3 Kf6 40. Kd4 Ke7 41. Bb8 a6 42. Bc4 Ne5 43. Bxa6 Nf3+ 44. Ke3 Ne5 45. Bb7 Kd7 46. Kd4 Nf3+ 47. Kc3 Ng5 48. a4 Ne4+ 49. Kd4 Nc5 50. Bc6+ Ke7 51. Kc4 Bf3 52. Ba7 Be2+ 53. Kd4 Nd7 54. a5 Kd8 55. Kc3 Kc8 56. Bd4 Kc7 57. Kd2 Ba6 58. Ke3 Nc5 59. g4 Bc8 60. g5 Nd7 61. Bb5 Nc5 62. Bxc5 dxc5 63. Bd3 Kd6 64. a6 Kxd5 65. Be4+ 1-0

[Event "London Central op"]
[Site "London"]
[Date "2022.11.06"]
[Round "5"]
[White "Chapman, Terry PD"]
[Black "Barbero, Federico"]
[Result "1-0"]
[WhiteElo "2216"]
[BlackElo "1410"]
[PlyCount "97"]
[EventDate "2022.11.04"]
[EventType "swiss"]
[EventRounds "5"]
[EventCountry "ENG"]
[SourceTitle "EXT 2024"]
[Source "ChessBase"]
[SourceDate "2023.10.10"]
[SourceVersion "1"]
[SourceVersionDate "2023.10.10"]
[SourceQuality "1"]

1. Nf3 d5 2. d4 Nf6 3. c4 c6 4. Qc2 g6 5. Bf4 Bg7 6. e3 0-0 7. Nc3 Nh5 8. Be5 f6 9. Bxb8 Rxb8 10. cxd5 cxd5 11. Nxd5 Bf5 12. Qc7 Qxc7 13. Nxc7 a6 14. Bc4+ Kh8 15. Be6 Be4 16. Ke2 Bxf3+ 17. gxf3 Rfd8 18. Rac1 f5 19. Bb3 e5 20. Ne6 Re8 21. Nxg7 Nxg7 22. Rhd1 exd4 23. Rxd4 Ne6 24. Rd7 h5 25. Rd6 Nf8 26. Rb6 Re7 27. f4 Rd8 28. Rd1 Rc8 29. Rd2 Kg7 30. Bd5 Rcc7 31. a4 Nh7 32. Bf3 Nf8 33. b4 Ne6 34. Kf1 Rc1+ 35. Kg2 Rcc7 36. a5 Kh6 37. Rdd6 Nf8 38. b5 axb5 39. Rxb5 Rc2 40. Rxb7 Rxe3 41. Rd8 g5 42. Rxf8 gxf4 43. Rxf5 h4 44. Rh5+ Kg6 45. Rxh4 Ra3 46. Be4+ Kg5 47. Bxc2 Kxh4 48. Rh7+ Kg4 49. h3+ 1-0

[Event "London Central op"]
[Site "London"]
[Date "2022.11.05"]
[Round "2"]
[White "Chapman, Terry PD"]
[Black "Folliard, James"]
[Result "1/2-1/2"]
[WhiteElo "2216"]
[BlackElo "1687"]
[PlyCount "43"]
[EventDate "2022.11.04"]
[EventType "swiss"]
[EventRounds "5"]
[EventCountry "ENG"]
[SourceTitle "EXT 2024"]
[Source "ChessBase"]
[SourceDate "2023.10.10"]
[SourceVersion "1"]
[SourceVersionDate "2023.10.10"]
[SourceQuality "1"]

1. Nf3 d5 2. d4 Nf6 3. c4 c6 4. g3 Bf5 5. Nc3 e6 6. Nh4 Bg6 7. Nxg6 hxg6 8. Qd3 Nbd7 9. Bg2 Bd6 10. 0-0 0-0 11. Rd1 Re8 12. e4 dxe4 13. Nxe4 Nxe4 14. Qxe4 Nf6 15. Qc2 Qc7 16. b3 Rad8 17. Bb2 e5 18. c5 Bf8 19. dxe5 Nd7 20. b4 Nxe5 21. h3 Be7 22. Rxd8 1/2-1/2

[Event "EU-ch Seniors 65 21st"]
[Site "Lublin"]
[Date "2022.07.05"]
[Round "1"]
[White "Chapman, Terry PD"]
[Black "Sosnowska, Elzbieta"]
[Result "1-0"]
[WhiteElo "2207"]
[BlackElo "1726"]
[PlyCount "49"]
[EventDate "2022.07.05"]
[EventType "swiss"]
[EventRounds "9"]
[EventCountry "POL"]
[SourceTitle "CBM 209 Extra"]
[Source "ChessBase"]
[SourceDate "2022.09.30"]
[SourceVersion "1"]
[SourceVersionDate "2022.09.30"]
[SourceQuality "1"]

1. d4 d5 2. c4 e6 3. Nc3 c5 4. cxd5 exd5 5. Nf3 Nc6 6. g3 c4 7. Bg2 Bb4 8. 0-0 Nge7 9. e4 0-0 10. exd5 Nxd5 11. Nxd5 Qxd5 12. Be3 Bg4 13. Ne5 Qxg2+ 14. Kxg2 Bxd1 15. Nxc6 Bf3+ 16. Kxf3 bxc6 17. Rfc1 c3 18. bxc3 Ba3 19. Rcb1 Rab8 20. Rb3 Bb2 21. Rxb8 Bxa1 22. Rb3 f6 23. Ke4 Rd8 24. Kd3 c5 25. Rb1 1-0

[Event "Reykjavik Kvika op"]
[Site "Reykjavik"]
[Date "2022.04.12"]
[Round "9"]
[White "Skahlberg Bjerknes, Lima De Faria"]
[Black "Chapman, Terry PD"]
[Result "0-1"]
[WhiteElo "1813"]
[BlackElo "2240"]
[PlyCount "66"]
[EventDate "2022.04.06"]
[EventType "swiss"]
[EventRounds "9"]
[EventCountry "ISL"]
[SourceTitle "CBM 207 Extra"]
[Source "ChessBase"]
[SourceDate "2022.05.31"]
[SourceVersion "1"]
[SourceVersionDate "2022.05.31"]
[SourceQuality "1"]

1. c4 Nf6 2. g3 c5 3. Bg2 d5 4. cxd5 Nxd5 5. Nc3 Nc7 6. Nf3 Nc6 7. 0-0 e5 8. d3 Be7 9. Be3 0-0 10. a3 Rb8 11. Ne4 b6 12. b4 cxb4 13. axb4 Bxb4 14. Qa4 Bd7 15. Rfc1 b5 16. Qc2 a5 17. Nxe5 Nxe5 18. Qxc7 Qxc7 19. Rxc7 Rbc8 20. Rac1 Rxc7 21. Rxc7 Rc8 22. Rxc8+ Bxc8 23. Bd4 Ng6 24. Nc5 Ne7 25. f4 a4 26. Kf1 a3 27. Nb3 Be6 28. Nc5 Nf5 29. Nxe6 fxe6 30. Be5 Ne3+ 31. Kg1 Nxg2 32. Kxg2 Bd2 33. Bd6 b4 0-1

[Event "Reykjavik Kvika op"]
[Site "Reykjavik"]
[Date "2022.04.11"]
[Round "8"]
[White "Chapman, Terry PD"]
[Black "Arvidsson, Jonas"]
[Result "1/2-1/2"]
[WhiteElo "2240"]
[BlackElo "1942"]
[PlyCount "103"]
[EventDate "2022.04.06"]
[EventType "swiss"]
[EventRounds "9"]
[EventCountry "ISL"]
[SourceTitle "CBM 207 Extra"]
[Source "ChessBase"]
[SourceDate "2022.05.31"]
[SourceVersion "1"]
[SourceVersionDate "2022.05.31"]
[SourceQuality "1"]

1. Nf3 d5 2. g3 Nf6 3. Bg2 c5 4. 0-0 Nc6 5. d4 e6 6. c4 cxd4 7. Nxd4 Bc5 8. Nb3 Bb6 9. cxd5 Nxd5 10. a3 0-0 11. Qc2 Bd7 12. Bd2 Rc8 13. Nc3 Nce7 14. a4 a6 15. a5 Ba7 16. Qd3 Nxc3 17. Bxc3 Bc6 18. Rfd1 Qxd3 19. Rxd3 Bxg2 20. Kxg2 Nd5 21. Rc1 Rc6 22. e4 Nf6 23. Bxf6 Rxc1 24. Nxc1 gxf6 25. Rd7 Rb8 26. b4 e5 27. Nb3 Kf8 28. Kf3 Rc8 29. Rxb7 Rc3+ 30. Ke2 Rxb3 31. Rxa7 Rxb4 32. Kf3 Kg7 33. Rxa6 Ra4 34. Ra8 Ra2 35. a6 Ra4 36. h3 Ra2 37. Ke3 h6 38. Kf3 Ra4 39. Ke3 Ra2 40. h4 Ra3+ 41. Kd2 Ra2+ 42. Kc3 Rxf2 43. Rc8 Ra2 44. Rc6 h5 45. Kc4 Ra3 46. Kb5 f5 47. exf5 e4 48. Kb4 Ra1 49. Kc4 Ra4+ 50. Kc3 Ra3+ 51. Kd2 Rxg3 52. Rc4 1/2-1/2